000 00416nam a2200181Ia 4500
008 210210b1945 xxu||||| |||| 00| 0 eng d
041 _aeng
082 _a386/69
100 _aSEN (Asoke Kumar)
245 _aHandbook of commercial law
260 _aCalcutta
_b-
_c1945
300 _a529+166+31
650 _alaw
650 _aHandbook
650 _acommercial
690 _aCommercial Law
906 _a005621
999 _c125748
_d125748